Psychology A level year 2 : the complete companion student book (Record no. 85687)

MARC details
000 -LEADER
fixed length control field 00802 a2200265 4500
003 - CONTROL NUMBER IDENTIFIER
control field CBULib
005 - DATE AND TIME OF LATEST TRANSACTION
control field 20241029135905.0
008 - FIXED-LENGTH DATA ELEMENTS--GENERAL INFORMATION
fixed length control field 241029b |||||||| |||| 00| 0 eng d
020 ## - INTERNATIONAL STANDARD BOOK NUMBER
International Standard Book Number 9780198436331
040 ## - CATALOGING SOURCE
Language of cataloging English
Transcribing agency CBULib
Description conventions rda
041 ## - LANGUAGE CODE
Language code of text/sound track or separate title eng
050 ## - LIBRARY OF CONGRESS CALL NUMBER
Classification number BF 121 Fla
100 ## - MAIN ENTRY--PERSONAL NAME
Personal name Flanagan, Cara
245 ## - TITLE STATEMENT
Title Psychology A level year 2 : the complete companion student book
Statement of responsibility, etc / by Cara Flanagan and Mike Cardwell
250 ## - EDITION STATEMENT
Edition statement Fifth edition
260 ## - PUBLICATION, DISTRIBUTION, ETC. (IMPRINT)
Name of publisher, distributor, etc Oxford University Press,
Date of publication, distribution, etc 2019
Place of publication, distribution, etc Oxford :
300 ## - PHYSICAL DESCRIPTION
Extent 359 pages : illustrations
336 ## - CONTENT TYPE
Source rdacontent
Content type term Text |
Content type code txt
337 ## - MEDIA TYPE
Source rdamedia
Media type term Unmediated |
Media type code n
338 ## - CARRIER TYPE
Source rdacarrier
Carrier type term Volume
Carrier type code nc
650 #0 - SUBJECT ADDED ENTRY--TOPICAL TERM
9 (RLIN) 306
Topical term or geographic name as entry element PSYCHOLOGY
650 #0 - SUBJECT ADDED ENTRY--TOPICAL TERM
9 (RLIN) 3862
Topical term or geographic name as entry element EXAMINATIONS
700 ## - ADDED ENTRY--PERSONAL NAME
9 (RLIN) 3863
Personal name Cardwell, Mike
942 ## - ADDED ENTRY ELEMENTS (KOHA)
Source of classification or shelving scheme
Koha item type MONOGRAPH
Holdings
Withdrawn status Lost status Source of classification or shelving scheme Damaged status Not for loan Collection code Permanent Location Current Location Shelving location Date acquired Source of acquisition Cost, normal purchase price Full call number Barcode Date last seen Price effective from Koha item type
          CBU-Lusaka Campus CBU- LUSAKA CAMPUS CBU- LUSAKA CAMPUS General Stacks 10/29/2024 DON-BOOKAID 47.00 BF 121 Fla 752979 10/29/2024 10/29/2024 MONOGRAPH
          CBU-Lusaka Campus CBU- LUSAKA CAMPUS CBU- LUSAKA CAMPUS General Stacks 10/29/2024 DON-BOOKAID 47.00 BF 121 Fla 752980 10/29/2024 10/29/2024 MONOGRAPH